Análisis exegético de los delitos de evasión tributaria a la luz del nuevo régimen penal tributario. Ley 27430 (Registro nro. 22458)

Detalles MARC
000 -LEADER
fixed length control field 00410 a2200109 4500
001 - CONTROL NUMBER
control field ART_51317
005 - DATE AND TIME OF LATEST TRANSACTION
control field 20260410161822.0
008 - FIXED-LENGTH DATA ELEMENTS--GENERAL INFORMATION
fixed length control field 260409a
100 1# - MAIN ENTRY--PERSONAL NAME
Personal name Bello, Alberto M.
245 10 - TITLE STATEMENT
Title Análisis exegético de los delitos de evasión tributaria a la luz del nuevo régimen penal tributario. Ley 27430
773 0# - HOST ITEM ENTRY
Title Doctrina Penal Tributaria y Económica
Related parts - N° 56 (jun. 2020)
Record control number REV4317

No hay ítems disponibles.